01037nam a2200241Ia 450000100060000000300090000600800410001504000130005604000130006904100130008210000200009510000290011524500250014424500800016925000110024926000120026026000200027226000490029230000600034150003210040165000420072265000310076438921IT-RoPAU130308s9999 xx 000 0 und d aIT-RoPAU cIT-RoPAU aITALIANO aBallo Francesco gCodice Aut. SPICS: 5777 aRapporto con il film bGuardare Intorno-Un Approccio Pedagogico Alla Cultura Visuale e Audiovisiva a1a ed. aFIRENZE bLa Nuova Italia c1986 [1° Ed.:1986 - Ed.Ling.Originale:1986] a"143 p. (prefazione: no ; testo: 143 [pagine: 55-197])" aOcchio e Obiettivo Inquadratura Composizione Dello Spazio Angolazione della Macchina da presa movimenti di Macchina Campo e Controcampo montaggio Tempo ritmo Spazio ritmo recitazione Cinematografica colonna visiva e sonora Come si Fa un Film foto di scena Metodi di ripresa sequenze di Fotogrammi Esempi di Montaggio aPEDAGOGIA DELLA COMUNICAZIONE SOCIALE eCodice materia Spics: 3804